English loanwords in Bahasa Melayu (The Malay Language) : pedagogical implications for the teaching of English to Malaysian students - a case study /
Saved in:
| Main Author: | |
|---|---|
| Format: | Thesis |
| Language: | English |
| Published: |
Petaling Jaya :
International Islamic University Malaysia,
1994
|
| Subjects: | |
| Online Access: | http://studentrepo.iium.edu.my/handle/123456789/6425 |
| Tags: |
Add Tag
No Tags, Be the first to tag this record!
|
| LEADER | 020350000a22003610004500 | ||
|---|---|---|---|
| 001 | 94449 | ||
| 005 | 20081218163600.0 | ||
| 008 | 961213s1994 my 000 0 eng | ||
| 035 | |a 344547 | ||
| 035 | |a (Sirsi) 94449 | ||
| 040 | |a UIAM |b eng | ||
| 049 | |b m | ||
| 050 | |a PL5087.4.A32 | ||
| 100 | 0 | |a Khairiah Othman | |
| 245 | 1 | 0 | |a English loanwords in Bahasa Melayu (The Malay Language) : |b pedagogical implications for the teaching of English to Malaysian students - a case study / |c by Khairiah Othman |
| 260 | 1 | |a Petaling Jaya : |b International Islamic University Malaysia, |c 1994 | |
| 300 | |a v, 82 p. ; |c 30 cm. | ||
| 500 | |a Submitted in partial fulfillment of the requirements for the degree of Master of Arts in English as a Second language."--On t.p. | ||
| 502 | |a Thesis (M.A.)--International Islamic University Malaysia, 1994 | ||
| 504 | |a Includes bibliographical references (leaves 80-81). | ||
| 596 | |a 1 | ||
| 650 | 0 | |a Malay language |x Foreign words and phrases English | |
| 650 | 0 | |a Malay language |x Foreign elements English | |
| 655 | 0 | 7 | |a Theses, IIUM local |
| 690 | 0 | |a Dissertations, Academic |x Department of English Language and Literature |z IIUM | |
| 710 | 2 | |a International Islamic University Malaysia. |b Department of English Language and Literature | |
| 856 | 4 | |u http://studentrepo.iium.edu.my/handle/123456789/6425 | |
| 900 | |a nm-sa | ||
| 999 | |c 430802 |d 462293 | ||
| 952 | |0 0 |6 T PL5087.4A32K45E 1994 |7 0 |8 THESES |9 750216 |a IIUM |b IIUM |c MULTIMEDIA |g 0.00 |o t PL5087.4A32K45E 1994 |p 00011274896 |r 2017-10-19 |t 1 |v 0.00 |y THESIS | ||
| 952 | |0 0 |6 LU T PL5087.4A32K45E 1994 |7 0 |8 THESES |9 750217 |a IIUM |b IIUM |c CLOSEACCES |g 0.00 |o lu t PL5087.4A32K45E 1994 |p 00010981455 |r 2017-10-25 |t 1 |v 0.00 |y THESIS | ||
| 952 | |0 0 |6 LU T PL5087.4A32K45E 1994 |7 0 |8 THESES |9 750218 |a IIUM |b IIUM |c CLOSEACCES |g 0.00 |o lu t PL5087.4A32K45E 1994 |p 00000344548 |r 2017-10-25 |t 2 |v 0.00 |y THESIS | ||
| 952 | |0 0 |6 TS CDF PL5087.4A32K45E 1994 |7 0 |8 THESES |9 791635 |a IIUM |b IIUM |c MULTIMEDIA |g 0.00 |o ts cdf PL5087.4A32K45E 1994 |p 11100326551 |r 2017-10-26 |t 1 |v 0.00 |y THESISDIG | ||
